Popular lectures on mathematical logic
Sparad:
| Huvudupphovsman: | |
|---|---|
| Materialtyp: | Bok |
| Språk: | engelska |
| Publicerad: |
Nueva York
Dover
1993
|
| Serie: | Dover Books on Mathematics
|
| Ämnen: | |
| Taggar: |
Lägg till en tagg
Inga taggar, Lägg till första taggen!
|
MARC
| LEADER | 00000nam a2200000 a 4500 | ||
|---|---|---|---|
| 001 | UCO7096 | ||
| 003 | CL-VaPUC | ||
| 008 | 001110e19930000US |||||||||||||||||eng|d | ||
| 082 | 0 | 4 | |a 511.3 |b WAN |2 21 |
| 100 | 0 | |a Wang, Hao |e author |9 451760 | |
| 245 | 1 | 0 | |a Popular lectures on mathematical logic |
| 300 | |a 281 p | ||
| 942 | |c BK | ||
| 945 | |d 20001110 00:00:00 |a vberengu | ||
| 260 | |a Nueva York |b Dover |c 1993 | ||
| 650 | 0 | |a Lógica matemática |9 262442 | |
| 650 | 0 | |a Lógica simbólica |9 269868 | |
| 583 | |a last modification |c 20001110 00:00:00 |k Rodrigo Vera | ||
| 490 | 0 | |a Dover Books on Mathematics | |
| 999 | |c 292303 |d 292301 | ||
| 952 | |0 0 |1 0 |4 0 |6 511_300000000000000_WAN_1993 |7 0 |8 A |9 343082 |a BIBMAT |b BIBMAT |d 2019-11-20 |i 3662365 |o 511.3 WAN 1993 |p 3662365 |r 2025-01-07 |w 2019-11-20 |y BK |k MAT | ||